书目信息 |
| 题名: |
GIS分析、设计与项目管理
|
|
| 作者: | 孔云峰 , 林珲 著 | |
| 分册: | ||
| 出版信息: | 北京 科学出版社 2008.10 |
|
| 页数: | 286页 | |
| 开本: | 23cm | |
| 丛书名: | ||
| 单 册: | ||
| 中图分类: | P208 | |
| 科图分类: | ||
| 主题词: | 地理信息系统--di li xin xi xi tong--高等学校--教材 | |
| 电子资源: | ||
| ISBN: | 978-7-03-023125-3 | |
| 000 | 01015nam0 2200277 450 | |
| 001 | 012009963730 | |
| 005 | 20091128153322.18 | |
| 010 | @a978-7-03-023125-3@dCNY42.00 | |
| 100 | @a20091128d2008 em y0chiy0120 ea | |
| 101 | 0 | @achi |
| 102 | @aCN@b110000 | |
| 105 | @aak a 000yy | |
| 106 | @ar | |
| 200 | 1 | @aGIS分析、设计与项目管理@AGIS fen xi、she ji yu xiang mu guan li@f孔云峰, 林珲著@Fkong yun feng,lin hui zhu |
| 205 | @a第2版 | |
| 210 | @a北京@c科学出版社@d2008.10 | |
| 215 | @a286页@c图@d23cm | |
| 300 | @a普通高等教育“十一五”国家级规划教材 | |
| 320 | @a有书目 (第281-286页) | |
| 330 | @a本书重点介绍GIS分析、设计与项目管理的原理与方法。除绪论(第1章)外,全书内容划分为四大部分;理论基础部分(第2~4章)包括GIS与组织管理的关系、GIS软件开发方法和GIS项目管理等。 | |
| 606 | 0 | @a地理信息系统@Adi li xin xi xi tong@x高等学校@j教材 |
| 690 | @aP208@v4 | |
| 701 | 0 | @a孔云峰@Akong yun feng@4著 |
| 701 | 0 | @a林珲@Alin hui@4著 |
| 801 | 0 | @aCN@bQSSK@c20091128 |
| 905 | @b766730-34@dP208@eK781@f5 | |
| GIS分析、设计与项目管理/孔云峰, 林珲著.-第2版.-北京:科学出版社,2008.10 |
| 286页:图;23cm |
| 普通高等教育“十一五”国家级规划教材 |
| ISBN 978-7-03-023125-3:CNY42.00 |
| 本书重点介绍GIS分析、设计与项目管理的原理与方法。除绪论(第1章)外,全书内容划分为四大部分;理论基础部分(第2~4章)包括GIS与组织管理的关系、GIS软件开发方法和GIS项目管理等。 |
| ● |
| 相关链接 |
|
|
|
正题名:GIS分析、设计与项目管理
索取号:P208/K781
 
预约/预借
| 序号 | 登录号 | 条形码 | 馆藏地/架位号 | 状态 | 备注 |
| 1 | 766730 | 207667309 | 自科库401/401自科库 115排1列6层/ [索取号:P208/K781] | 在馆 | |
| 2 | 766731 | 207667318 | 自科二线504/504自科库 47排3列2层/ [索取号:P208/K781] | 在馆 | |
| 3 | 766732 | 207667327 | 社科二线400B/400B社科库 5排3列6层/ [索取号:P208/K781] | 在馆 | |
| 4 | 766733 | 207667336 | 自科二线504/504自科库 47排3列3层/ [索取号:P208/K781] | 在馆 | |
| 5 | 766734 | 207667345 | 自科二线504/504自科库 47排3列2层/ [索取号:P208/K781] | 在馆 |